| 000 | 01068nam a2200229Ia 4500 | ||
|---|---|---|---|
| 003 | SEM | ||
| 999 |
_c48296 _d48296 |
||
| 005 | 20220608071546.0 | ||
| 008 | 211213s2007 ai ||||gr|||||00| 0 arm|d | ||
| 020 | _a9789994196333 | ||
| 040 |
_cSEM _aSEM |
||
| 041 |
_aarm _hturk |
||
| 080 | _a947.925.523/Հ-53 | ||
| 100 | _aՀասան, Ամջա | ||
| 245 |
_aՏեղահանություն և ոչնչացում: _bՏեղահանության իրական պատկերը / _cԱ. Հասան; Թարգմ.` Ա. Ավագյան; Խմբ.` Է. Դանեղյան |
||
| 260 |
_aԵրևան : _bՀայոց ցեղասպանության թանգարան-ինստիտուտ, _bտպ. Գասփրինթ, _c2007. |
||
| 300 |
_a48 էջ ; _c22 սմ |
||
| 490 | _aՑեղասպանություն. վկայություններ, նոթեր, հուշագրություն | ||
| 700 |
_aԱվագյան Արսեն _4 trl. _e թարգմ. |
||
| 700 |
_aԴանեղյան Է. _4 edt. _e խմբ. |
||
| 830 | _aՑեղասպանություն. վկայություններ, նոթեր, հուշագրություն | ||
| 942 |
_2udc _cBK |
||